Substance Abuse Intervention, Prevention, Rehabilitation, and Systems Change Strategies : (Record no. 603331)

MARC details
000 -LEADER
fixed length control field 00543nam a2200193 a 4500
008 - FIXED-LENGTH DATA ELEMENTS--GENERAL INFORMATION
fixed length control field 251221s2001##################000#0#eng##
020 ## - INTERNATIONAL STANDARD BOOK NUMBER
ISBN 9780231102360
082 04 - DEWEY DECIMAL CLASSIFICATION NUMBER
Classification number 616.86
Item number FRE
100 1# - MAIN ENTRY--AUTHOR NAME
Personal name Freeman, Edith M.,
245 10 - TITLE STATEMENT
Title Substance Abuse Intervention, Prevention, Rehabilitation, and Systems Change Strategies :
260 ## - PUBLICATION, DISTRIBUTION, ETC. (IMPRINT)
Year of publication 2001.
300 ## - PHYSICAL DESCRIPTION
Number of Pages 487 pages
650 #0 - SUBJECT ADDED ENTRY--TOPICAL TERM
Topical Term Psychology.
942 ## - ADDED ENTRY ELEMENTS (KOHA)
Koha item type English Books
Holdings
Withdrawn status Lost status Damaged status Not for loan Home library Current library Shelving location Date acquired Full call number Accession Number Price effective from Koha item type
        Anna Centenary Library Anna Centenary Library 5TH FLOOR, B WING 21.12.2025 616.86 FRE 168385 21.12.2025 English Books

Find us on the map